Три дня без любви: повесть; рассказы
| Hlavní autor: | |
|---|---|
| Shrnutí: | Андрей Кивинов — известный российский писатель и сценарист, автор множества популярных книг, по мотивам которых были созданы такие знаменитые телевизионные проекты, как «Убойная сила» и «Улицы разбитых фонарей», завоевавшие признание и любовь миллионов телезрителей. Все его книги так и просятся на экран — они наполнены энергичным действием, опасными или забавными приключениями и уникальным «кивиновским» юмором. Достаточно вспомнить такие последние экранизации романов Кивинова, как «Каникулы строгого режима» и «Любовь под прикрытием», и все станет понятно. Издательство «Азбука» представляет новую книгу Андрея Кивинова — «Три дня без любви» — веселую приключенческую комедию, которая, как хорошее кино, несомненно понравится и женщинам, и мужчинам самого разного возраста. Вадик Исаев обнаруживает свою жену дома... с другим. (Во всяком случае, он в этом совершенно уверен.) Вадик потерян — как поступить? На помощь ему приходит лучший друг. Он предлагает весьма оригинальную идею. И тут начинается самое интересное! Удастся ли Вадику рискованное предприятие? Ведь три дня, проведенные без семьи, полностью меняют его мировоззрение. |
| Jazyk: | ruština |
| Vydáno: |
СПб., Азбука-классика, 2010
|
| Témata: | |
| Médium: | Kniha |
| KOHA link: | https://koha.lib.tpu.ru/cgi-bin/koha/opac-detail.pl?biblionumber=194848 |
MARC
| LEADER | 00000nam0a2200000 4500 | ||
|---|---|---|---|
| 001 | 194848 | ||
| 005 | 20231031182507.0 | ||
| 010 | |a 9785998509452 | ||
| 035 | |a (RuTPU)RU\TPU\book\212525 | ||
| 090 | |a 194848 | ||
| 100 | |a 20110425d2010 m y0rusy50 ca | ||
| 101 | 0 | |a rus | |
| 102 | |a RU | ||
| 105 | |a y z 000ay | ||
| 200 | 1 | |a Три дня без любви |e повесть |e рассказы |f А. Кивинов | |
| 210 | |a СПб. |c Азбука-классика |d 2010 | ||
| 215 | |a 285 с. | ||
| 330 | |a Андрей Кивинов — известный российский писатель и сценарист, автор множества популярных книг, по мотивам которых были созданы такие знаменитые телевизионные проекты, как «Убойная сила» и «Улицы разбитых фонарей», завоевавшие признание и любовь миллионов телезрителей. Все его книги так и просятся на экран — они наполнены энергичным действием, опасными или забавными приключениями и уникальным «кивиновским» юмором. Достаточно вспомнить такие последние экранизации романов Кивинова, как «Каникулы строгого режима» и «Любовь под прикрытием», и все станет понятно. Издательство «Азбука» представляет новую книгу Андрея Кивинова — «Три дня без любви» — веселую приключенческую комедию, которая, как хорошее кино, несомненно понравится и женщинам, и мужчинам самого разного возраста. Вадик Исаев обнаруживает свою жену дома... с другим. (Во всяком случае, он в этом совершенно уверен.) Вадик потерян — как поступить? На помощь ему приходит лучший друг. Он предлагает весьма оригинальную идею. И тут начинается самое интересное! Удастся ли Вадику рискованное предприятие? Ведь три дня, проведенные без семьи, полностью меняют его мировоззрение. | ||
| 610 | 1 | |a русская литература | |
| 610 | 1 | |a проза | |
| 610 | 1 | |a приключения | |
| 610 | 1 | |a комедии | |
| 610 | 1 | |a повести | |
| 610 | 1 | |a рассказы | |
| 675 | |a Р2 |v 3 | ||
| 700 | 1 | |a Кивинов |b А. |g Андрей | |
| 801 | 1 | |a RU |b 63413507 |c 20110425 | |
| 801 | 2 | |a RU |b 63413507 |c 20110506 |g RCR | |
| 942 | |c BK | ||